[Event "CRI-chT"]
[Site "San Jose"]
[Date "2012.07.27"]
[Round "6.1"]
[White "Barrios Zamora, Carlos"]
[Black "Hernandez Alvarez, Tania Regla"]
[Result "1-0"]
[WhiteElo "2021"]
[BlackElo "2226"]
[PlyCount "101"]
[EventDate "2012.07.22"]
[EventType "team-tourn"]
[EventRounds "9"]
[EventCountry "CRI"]
[SourceTitle "EXT 2013"]
[Source "ChessBase"]
[SourceDate "2012.11.22"]
[SourceVersion "1"]
[SourceVersionDate "2012.11.22"]
[SourceQuality "1"]
[WhiteTeam "Goicoechea"]
[BlackTeam "MegaSuper"]
[WhiteTeamCountry "CRI"]
[BlackTeamCountry "CRI"]

1. c4 c5 2. g3 Nc6 3. Bg2 g6 4. Nc3 Bg7 5. e4 d6 6. Nge2 e5 7. d3 Be6 8. 0-0 Qd7 9. Nd5 Nd4 10. Nxd4 cxd4 11. Qb3 h5 12. h4 Rc8 13. a4 Ne7 14. Qb5 f6 15. f4 Nxd5 16. exd5 Bg4 17. Re1 0-0 18. Qxd7 Bxd7 19. b4 Rfe8 20. fxe5 dxe5 21. Bd2 Bf5 22. Bf1 Red8 23. a5 a6 24. Kh2 Rc7 25. Rac1 Kh7 26. Kg2 Re7 27. Kf2 Rf7 28. Kg1 Bf8 29. Ra1 Bg7 30. Rac1 Re7 31. Kf2 Bh6 32. Bxh6 Kxh6 33. Ra1 g5 34. Be2 g4 35. Bf1 Bg6 36. Ra3 f5 37. Bg2 e4 38. Raa1 Rf7 39. Rad1 e3+ 40. Ke2 f4 41. gxf4 Rxf4 42. Rf1 Rdf8 43. Rxf4 Rxf4 44. Rf1 Rxf1 45. Bxf1 Bf5 46. Bg2 g3 47. d6 Bc8 48. Bxb7 Bxb7 49. d7 g2 50. d8Q g1Q 51. Qh8+ 1-0

[Event "CRI-ch Phase 1.1"]
[Site "San Jose"]
[Date "2009.02.14"]
[Round "7"]
[White "Barrios Zamora, Carlos"]
[Black "Urbina Quiroz, Edwin"]
[Result "1/2-1/2"]
[WhiteElo "2132"]
[BlackElo "2080"]
[PlyCount "54"]
[EventDate "2009.01.31"]
[EventType "swiss"]
[EventRounds "9"]
[EventCountry "CRI"]
[SourceTitle "EXT 2024"]
[Source "ChessBase"]
[SourceDate "2023.10.10"]
[SourceVersion "1"]
[SourceVersionDate "2023.10.10"]
[SourceQuality "1"]

1. c4 b6 2. Nf3 Bb7 3. g3 Bxf3 4. exf3 c5 5. d4 cxd4 6. Qxd4 Nc6 7. Qd3 e6 8. Nc3 Rc8 9. Be2 Nf6 10. 0-0 Ne5 11. Qd4 Qc7 12. Bf4 Nc6 13. Qd2 e5 14. Be3 Bb4 15. Rac1 0-0 16. a3 Bxc3 17. Rxc3 d6 18. Rd1 Rfd8 19. Rd3 Ne8 20. b3 Qe7 21. f4 h6 22. Rd5 e4 23. b4 Qe6 24. Kg2 Ne7 25. Rd4 Nf5 26. g4 Nxd4 27. Qxd4 Nc7 1/2-1/2

[Event "CRI-ch Phase 1.1"]
[Site "San Jose"]
[Date "2009.02.03"]
[Round "3"]
[White "Alvarez Hernandez, David"]
[Black "Barrios Zamora, Carlos"]
[Result "1/2-1/2"]
[WhiteElo "1972"]
[BlackElo "2132"]
[PlyCount "61"]
[EventDate "2009.01.31"]
[EventType "swiss"]
[EventRounds "9"]
[EventCountry "CRI"]
[SourceTitle "EXT 2024"]
[Source "ChessBase"]
[SourceDate "2023.10.10"]
[SourceVersion "1"]
[SourceVersionDate "2023.10.10"]
[SourceQuality "1"]

1. e4 e5 2. Nf3 Nf6 3. Nxe5 d6 4. Nf3 Nxe4 5. d4 d5 6. Be2 Bd6 7. 0-0 0-0 8. c4 c6 9. Qb3 Re8 10. Be3 Na6 11. Nc3 Nc7 12. c5 Be7 13. Nxe4 dxe4 14. Ne5 Nd5 15. Rad1 Qc7 16. Qc2 f6 17. Nc4 Bf5 18. Bd2 Bg6 19. Ne3 Rad8 20. Bg4 Nxe3 21. fxe3 Bf8 22. Be1 Bf7 23. Bg3 Qa5 24. a3 Qb5 25. b4 Qc4 26. Rc1 Qxc2 27. Rxc2 Be6 28. Be2 a6 29. Rb2 Ra8 30. a4 Bd5 31. Kf2 1/2-1/2

[Event "CRI-ch Phase1 72nd"]
[Site "Moravia"]
[Date "2008.05.24"]
[Round "8"]
[White "Campos, Roi"]
[Black "Barrios Zamora, Carlos"]
[Result "1/2-1/2"]
[WhiteElo "2040"]
[BlackElo "2061"]
[PlyCount "73"]
[EventDate "2008.05.17"]
[EventType "swiss"]
[EventRounds "9"]
[EventCountry "CRI"]
[SourceTitle "EXT 2009"]
[Source "ChessBase"]
[SourceDate "2008.11.26"]
[SourceVersion "1"]
[SourceVersionDate "2008.11.26"]
[SourceQuality "1"]

1. e4 e5 2. Nf3 Nf6 3. Nxe5 d6 4. Nf3 Nxe4 5. Nc3 Nxc3 6. dxc3 Be7 7. Bf4 0-0 8. Qd2 Nc6 9. 0-0-0 Be6 10. Kb1 a6 11. Bd3 Qd7 12. h4 f6 13. Rde1 Rad8 14. h5 Rfe8 15. Nh4 Ne5 16. f3 Nxd3 17. cxd3 Bf8 18. g4 Bd5 19. Ref1 b5 20. Nf5 Qe6 21. b3 Qe2 22. Ng3 Qxd2 23. Bxd2 c5 24. Kc2 Bc6 25. Rhg1 Bd7 26. Re1 Bc6 27. Rgf1 Rxe1 28. Bxe1 Re8 29. Bd2 Bd7 30. Kd1 d5 31. Bf4 c4 32. bxc4 dxc4 33. dxc4 bxc4 34. Kd2 Bc6 35. Nf5 Rd8+ 36. Nd4 Bc5 37. Be3 1/2-1/2

[Event "CRI-ch Phase1 72nd"]
[Site "Moravia"]
[Date "2008.05.20"]
[Round "4"]
[White "Machado Ramirez, Allan"]
[Black "Barrios Zamora, Carlos"]
[Result "1/2-1/2"]
[WhiteElo "2068"]
[BlackElo "2061"]
[PlyCount "36"]
[EventDate "2008.05.17"]
[EventType "swiss"]
[EventRounds "9"]
[EventCountry "CRI"]
[SourceTitle "EXT 2009"]
[Source "ChessBase"]
[SourceDate "2008.11.26"]
[SourceVersion "1"]
[SourceVersionDate "2008.11.26"]
[SourceQuality "1"]

1. d4 Nf6 2. c4 e6 3. Nc3 Bb4 4. a3 Bxc3+ 5. bxc3 b6 6. Bg5 Ba6 7. e3 Nc6 8. Nf3 Na5 9. Nd2 d5 10. cxd5 Bxf1 11. Kxf1 Qxd5 12. Bxf6 gxf6 13. Qf3 Qxf3 14. Nxf3 c5 15. Ke2 Rc8 16. Rhd1 Ke7 17. Ra2 cxd4 18. cxd4 Rc3 1/2-1/2